000 004920000a22001810004500
003 MACL
005 20160129141115.0
008 160124b xxu||||| |||| 00| 0 eng d
040 _aMACL
_cMACL
041 _aEnglish
082 _a658.095/ER
100 _aVerma, R P
_934443
245 _aCAT Entrance Guide for Indian Institutes of Management
260 _bAsian Books Private Ltd
_c2003
_aNew Delhi
350 _a265
650 _aGeneral Managment
_921540
942 _cBK
_k658.095/VER
_2ddc
999 _c32504
_d32504